Trends in optimization : (Record no. 2017)

MARC details
000 -LEADER
fixed length control field 01339nac a22003131i 4500
003 - CONTROL NUMBER IDENTIFIER
control field EG-ScBUE
005 - DATE AND TIME OF LATEST TRANSACTION
control field 20250528101620.0
008 - FIXED-LENGTH DATA ELEMENTS--GENERAL INFORMATION
fixed length control field 250312s2004 riua f 101 0 eng d
020 ## - INTERNATIONAL STANDARD BOOK NUMBER
International Standard Book Number 082183584X (alk. paper)
020 ## - INTERNATIONAL STANDARD BOOK NUMBER
International Standard Book Number 9780821835845
040 ## - CATALOGING SOURCE
Original cataloging agency EG-ScBUE
Language of cataloging eng
Description conventions rda
Transcribing agency EG-ScBUE
Modifying agency EG-ScBUE
082 04 - DEWEY DECIMAL CLASSIFICATION NUMBER
Classification number 519.6
Item number AME
Edition number 22
110 2# - MAIN ENTRY--CORPORATE NAME
Corporate name or jurisdiction name as entry element American Mathematical Society.
Subordinate unit short course
Date of meeting or treaty signing (2004 :
Location of meeting Phoenix, Arizona)
245 10 - TITLE STATEMENT
Title Trends in optimization :
Remainder of title American mathematical society short course, January 5-6, 2004, Phoenix, Arizona /
Statement of responsibility, etc Serkan Hoşten, Jon Lee, Rekha R. Thomas, editors.
264 #1 - PUBLICATION, DISTRIBUTION, ETC. (IMPRINT)
Place of publication, distribution, etc Providence, Rhode Island :
Name of publisher, distributor, etc American Mathematical Society,
Date of publication, distribution, etc 2004.
300 ## - PHYSICAL DESCRIPTION
Extent ix, 140 pages :
Other physical details illustrations ;
Dimensions 27 cm.
336 ## - CONTENT TYPE
Source rdacontent
Content type term text
Content type code txt
337 ## - MEDIA TYPE
Media type term unmediated
Source rdamedia
Media type code n
338 ## - CARRIER TYPE
Carrier type term volume
Carrier type code nc
Source rdacarrier
490 0# - SERIES STATEMENT
Series statement Proceedings of symposia in applied mathematics,
International Standard Serial Number 0160-7634 ;
Volume number/sequential designation volume 61.
Series statement AMS short course lecture notes
500 ## - GENERAL NOTE
General note Includes index.<br/>
650 #7 - SUBJECT ADDED ENTRY--TOPICAL TERM
Topical term or geographic name as entry element Mathematical optimization
Form subdivision Congresses.
Source of heading or term BUEsh
655 ## - INDEX TERM--GENRE/FORM
Form subdivision Reading book
700 1# - ADDED ENTRY--PERSONAL NAME
Personal name Hoşten, Serkan,
Dates associated with a name 1969-
Relator term editor.
700 1# - ADDED ENTRY--PERSONAL NAME
Personal name Lee, Jon,
Dates associated with a name 1960-
Relator term editor.
700 1# - ADDED ENTRY--PERSONAL NAME
Personal name Thomas, Rekha R.,
Dates associated with a name 1967-
Relator term editor.
856 41 - ELECTRONIC LOCATION AND ACCESS
Materials specified Table of contents
Uniform Resource Identifier <a href="http://www.loc.gov/catdir/toc/fy0601/2004059477.html">http://www.loc.gov/catdir/toc/fy0601/2004059477.html</a>
942 ## - ADDED ENTRY ELEMENTS (KOHA)
Koha item type Book - Borrowing
Source of classification or shelving scheme Dewey Decimal Classification
Holdings
Withdrawn status Lost status Source of classification or shelving scheme Damaged status Not for loan Collection code Home library Current library Shelving location Date acquired Source of acquisition Total Checkouts Full call number Barcode Date last seen Cost, replacement price Price effective from Koha item type
    Dewey Decimal Classification     Baccah Central Library Central Library First floor 07/02/2007 Purchase   519.6 AME 000002299 15/07/2025 257.50 07/02/2007 Book - Borrowing